Critical Thinking, Academic Writing & Presentation/ (Record no. 187786)
[ view plain ]
| 000 -LEADER | |
|---|---|
| fixed length control field | 00530nam a22001817a 4500 |
| 005 - DATE AND TIME OF LATEST TRANSACTION | |
| control field | 20220429105024.0 |
| 010 ## - LCCN (DPL NO) | |
| LC control number | ENG-132469 |
| 020 ## - INTERNATIONAL STANDARD BOOK NUMBER | |
| International Standard Book Number | 9789385085390 |
| Terms of availability | 1000.00 |
| 035 ## - SYSTEM CONTROL NUMBER | |
| System control number | EN-116001 |
| 037 ## - SOURCE OF ACQUISITION | |
| Source of stock number/acquisition | DBAD/PUB |
| 082 ## - DEWEY DECIMAL CLASSIFICATION NUMBER | |
| Classification number | 808.066378 |
| 100 ## - MAIN ENTRY--PERSONAL NAME | |
| Personal name | Jain, Seema |
| 245 ## - TITLE STATEMENT | |
| Title | Critical Thinking, Academic Writing & Presentation/ |
| Statement of responsibility, etc | Seema Jain |
| 260 ## - PUBLICATION, DISTRIBUTION, ETC. (IMPRINT) | |
| Place of publication, distribution, etc | Uttar Pradesh |
| Name of publisher, distributor, etc | A.J. Books |
| Date of publication, distribution, etc | 2017 |
| 270 ## - ADDRESS | |
| Address | B-46-A, Nandgarm |
| City | Ghaziabad |
| 300 ## - PHYSICAL DESCRIPTION | |
| Extent | vii, 240p. |
| Dimensions | 22cm(hbk) |
| 942 ## - ADDED ENTRY ELEMENTS (KOHA) | |
| Item type | English Books |
| Source of classification or shelving scheme | Dewey Decimal Classification |
| Classification part | 808.066378 |
| Call number suffix | JAI |
| Withdrawn status | Lost status | Not for loan | Collection code | Home library | Current library | Date acquired | Source of acquisition | Cost, normal purchase price | Full call number | Barcode | Copy number | Cost, replacement price | Koha item type |
|---|---|---|---|---|---|---|---|---|---|---|---|---|---|
| Not For Loan | Non-fiction | D.B.Act.Division | Mobile Library | 29/04/2022 | DBAD/PUB | 1000.00 | 808.066378 JAI | EN-116001 | 1 | 1000.00 | English Books |
